000 00698nam a2200217Ii 4500
003 JO-AjNU
008 230605s9999||||xx |||||||||||||| ||und||
017 _a2005/4/934
040 _aJO-AjNU
_bara
_erda
_cJO-AjNU
041 _aara
050 1 4 _aKBP494.5.126.A2.2005
100 3 _a الدمشقي ، جمال ,
_eauthor
_919713
245 0 0 _aيوم عاشوراء
250 _aط1
264 3 1 _aعمان : دار الإسراء ، 2005
300 _a79ص
336 _atext
_btxt
_2rdacontent
337 _aunmediated
_bn
_2rdamedia
338 _avolume
_bnc
_2rdacarrier
650 4 _aالفتاوى -- الفقة الاسلامي -- الشعائر الدينية -- الاسلام
_919714
999 _aA6554
_c10122
_d10122